000 00376nam a2200157Ia 4500
008 230917s9999||||xx |||||||||||||| ||und||
040 _e124284
_aMAIN
041 _aEnglish
082 _a910.02 S81I
100 _aStrahler, Alan
245 0 _aIntroducing physical geography
250 _a4th ed.
260 _aBoston
_bJohn Wiley
_c2006
300 _a428 p.
942 _cBK
999 _c144540
_d144540